Resistencia residual en suelos finos
Guardado en:
| Hovedforfatter: | |
|---|---|
| Format: | Bog |
| Sprog: | Spanish |
| Udgivet: |
San José, Costa Rica
2016
|
| Fag: | |
| Tags: |
Tilføj Tag
Ingen Tags, Vær først til at tagge denne postø!
|
MARC
| LEADER | 00000nam a22000007a 4500 | ||
|---|---|---|---|
| 003 | 012495 | ||
| 005 | 20221231144120.0 | ||
| 008 | 161102b2016 cr a|||| m||| 00| ||spa d | ||
| 040 | |c cru CEDI | ||
| 090 | |a TFG 7651 | ||
| 100 | |9 5506 |a García Mainieri, Javier | ||
| 245 | |a Resistencia residual en suelos finos | ||
| 260 | |a San José, Costa Rica |c 2016 | ||
| 300 | |a xx, 165,[17] hojas; ilustraciones a color | ||
| 500 | |a Proyecto de graduación (licenciatura en ingeniería civil)--Universidad de Costa Rica. Facultad de Ingeniería. Escuela de Ingeniería Civil | ||
| 650 | |x MECANICA DE SUELOS |x LICUEFACCION DE SUELOS |x RESISTENCIA DE SUELOS AL ESFUERZO DE CORTE - PRUEBAS |x ESFUERZO CORTANTE - PRUEBAS - EQUIPO |9 5507 | ||
| 942 | |c TFG | ||
| 999 | |c 17121 |d 17121 | ||
